Metaphore vive (La) (Record n. 65614)

Dettagli MARC
000 -LEADER
fixed length control field 01666nam a2200337Ia 4500
001 - CONTROL NUMBER
control field 9842
003 - CONTROL NUMBER IDENTIFIER
control field IT-RoPAU
008 - FIXED-LENGTH DATA ELEMENTS--GENERAL INFORMATION
fixed length control field 130308s9999 xx 000 0 und d
040 ## - CATALOGING SOURCE
Original cataloging agency IT-RoPAU
040 ## - CATALOGING SOURCE
Transcribing agency IT-RoPAU
041 ## - LANGUAGE CODE
Language code of text/sound track or separate title FRANCESE
999 ## - SYSTEM CONTROL NUMBERS (KOHA)
Koha Dewey Subclass [OBSOLETE] SI
100 ## - MAIN ENTRY--PERSONAL NAME
Personal name Ricoeur Paul
100 ## - MAIN ENTRY--PERSONAL NAME
Miscellaneous information Codice Aut. SPICS: 2052
242 ## - TRANSLATION OF TITLE BY CATALOGING AGENCY
Title METAFORA viva (LA)-DALLA RETORICA ALLA POETICA: PER UN LINGUAGGIO DI RIVELAZIONE
242 ## - TRANSLATION OF TITLE BY CATALOGING AGENCY
Number of part/section of a work Cod. Traduzione Titolo: 42648
242 ## - TRANSLATION OF TITLE BY CATALOGING AGENCY
Language code of translated title ITA
245 ## - TITLE STATEMENT
Title Metaphore vive (La)
245 ## - TITLE STATEMENT
Remainder of title Metaphore Vive (La)
250 ## - EDITION STATEMENT
Edition statement 1a ed.
260 ## - PUBLICATION, DISTRIBUTION, ETC. (IMPRINT)
Place of publication, distribution, etc. PARIS
260 ## - PUBLICATION, DISTRIBUTION, ETC. (IMPRINT)
Name of publisher, distributor, etc. Seuil
260 ## - PUBLICATION, DISTRIBUTION, ETC. (IMPRINT)
Date of publication, distribution, etc. 1975 [1° Ed.:1975 - Ed.Ling.Originale:1975]
300 ## - PHYSICAL DESCRIPTION
Extent "414 p. (prefazione: no ; testo: 414)"
500 ## - GENERAL NOTE
General note Tra Retorica e Poetica Aristotele Enigma Metafora e Similitudine Luogo Retorico e Luogo Poetico Declino della Retorica Tropologia Fontanier Primato dell'idea e della Parola Tropo e Figura Metonimia Sineddoche Metafora e Semantica del Discorso Semantica e Semiotica Grammatica Logica e Semantica Critica Letteraria e Semantica Metafora e Semantica della Parola Monismo del Segno Logica e Linguistica della Denominazione Metafora e Postulati Saussuriani Scarto e grado Retorico Zero Spazio della Figura Analisi Semica Lavoro della somiglianza sostituzione e somiglianza momento iconico della Metafora Icona e immagine Metafora e referenza Denotazione Generalizzata Modello e Metafora Metafora e Discorso Filosofico Meta Forica e Meta Fisica Esplicitazione Ontologica del Postulato della Referenza
650 ## - SUBJECT ADDED ENTRY--TOPICAL TERM
Topical term or geographic name as entry element LINGUISTICA
650 ## - SUBJECT ADDED ENTRY--TOPICAL TERM
Relator term Codice materia Spics: 3201
942 ## - ADDED ENTRY ELEMENTS (KOHA)
Koha item type LIBRO
957 ## -
-- 1
999 ## - SYSTEM CONTROL NUMBERS (KOHA)
-- 1
Dati di copia
Withdrawn status Lost status Damaged status Not for loan Home library Current library Date acquired Total Checkouts Full call number Date last seen Price effective from Koha item type Public note
    Buone Condizioni Not For Loan SPICS-MEDIATECA SPICS-MEDIATECA 08/03/2013   9842 08/03/2013 08/03/2013 LIBRO Progressivo inserimento: 2672 / N. Volumi: 1 Copie: 1 Copia Rara: SI / data import: 1 marzo 2013 - By Epidotti, Trombetti, Vaglietti.
CREDITS: SOCIETA' SAN PAOLO Via A.Severo, 58 - ROMA (RM) & PERIODICI SAN PAOLO SRL Via Giotto, 36 MILANO & CISF Via Giotto, 36 MILANO & EDIZIONI SAN PAOLO SRL,  Piazza Soncino, 5 CINISELLO BALSAMO (MI) -- ITALY